000
00246nam a2200097Ia 4500
001
1194969
005
20250827021738.0
008
250824s9999 xx 000 0 und d
245
0
_a
ESKİCİ VE OĞULLARI
_c
ORHAN KEMAL
260
_b
EVEREST YAYINLARI
999
_c
1194969
_d
1194969